[Event "MetroWest CC-ch B"]
[Site "Natick"]
[Date "2014.04.15"]
[Round "3"]
[White "Cousin, Neil B"]
[Black "Zhaurov, Yuriy"]
[Result "1-0"]
[WhiteElo "2018"]
[BlackElo "1995"]
[PlyCount "56"]
[EventDate "2014.04.01"]
[EventType "tourn"]
[EventRounds "5"]
[EventCountry "USA"]
[SourceTitle "EXT 2023"]
[Source "ChessBase"]
[SourceDate "2022.10.05"]
[SourceVersion "1"]
[SourceVersionDate "2022.10.05"]
[SourceQuality "1"]

1. e4 e5 2. Nf3 Nc6 3. Bb5 a6 4. Ba4 g6 5. c3 Bg7 6. 0-0 Nge7 7. d4 b5 8. d5 Nb8 9. Bb3 d6 10. a4 bxa4 11. Bxa4+ Nd7 12. Nbd2 0-0 13. Nc4 Nb6 14. Bb3 h6 15. Nfd2 Bd7 16. Na5 f5 17. f3 f4 18. c4 Kh7 19. c5 dxc5 20. Nb7 Qb8 21. Nxc5 Bb5 22. Re1 c6 23. dxc6 Nxc6 24. Ne6 Re8 25. Nb1 Ra7 26. Nc3 Bc4 27. Nxg7 Bxb3 28. Qxb3 Nd4 1-0